| 000 | 00000nam 2200000zi 4500 |
| 001 | 9.946622 |
| 003 | CaOODSP |
| 005 | 20250109134924 |
| 006 | m o d f |
| 007 | cr |n||||||||| |
| 008 | 250108s1949 onca o f000 0 fre d |
| 040 | |aCaOODSP|bfre|erda|cCaOODSP |
| 043 | |an-cn-qu |
| 086 | 1 |aA52-202/1949F-PDF |
| 100 | 1 |aBelzile, Adhémar, |eauteur. |
| 245 | 10|aStation expérimentale fédérale, Normandin, Qué. : |brapport des activités, 1936-1946 / |cAdhémar Belzile. |
| 264 | 1|aOttawa, Canada : |bMinistre de l'Agriculture, |c[1949?] |
| 300 | |a1 ressource en ligne (108 pages) : |billustrations |
| 336 | |atexte|btxt|2rdacontent/fre |
| 337 | |ainformatique|bc|2rdamedia/fre |
| 338 | |aressource en ligne|bcr|2rdacarrier/fre |
| 500 | |aPublié aussi en anglais sous le titre : Dominion Experimental Station, Normandin, Que. : progress report, 1936-1946. |
| 500 | |aÉdition numérisée de l'imprimé [par Agriculture et Agroalimentaire Canada]. |
| 610 | 25|aStation expérimentale fédérale (Normandin, Québec) |
| 650 | 6|aStations agronomiques|zQuébec (Province)|zNormandin. |
| 710 | 1 |aCanada. |bService des fermes expérimentales, |eorganisme de publication. |
| 710 | 2 |aStation expérimentale fédérale (Normandin, Québec), |eorganisme de publication. |
| 775 | 08|tDominion Experimental Station, Normandin, Que. : |w(CaOODSP)9.946619 |
| 856 | 40|qPDF|s18.30 Mo|uhttps://publications.gc.ca/collections/collection_2025/aac-aafc/A52-202-1949-fra.pdf |